Name all The Pokemon Types - Statistics

General Stats
  • This quiz has been taken 15 times
  • The average score is 13 of 14
Answer Stats
Example Answer % Correct
Pikachu Electric
100%
Charmander Fire
100%
Squirtle Water
100%
Charizard Dragon
93%
Spearow Flying
93%
Bulbasaur Grass
93%
Diglet Ground
93%
Geodude Rock
93%
Umbrion Dark
86%
Lucario Fighting
86%
Abomasnow Ice
86%
Muck Poison
86%
Agron Steel
86%
Jigglypuff Fairy
79%
No matching quizzes found
Score Distribution
Percent of People with Each Score
Percentile by Number Answered
Your Score History
You have not taken this quiz